Països concèntrics al voltant d’Espanya - Statistics

General Stats
  • This quiz has been taken 8 times
  • The average score is 9 of 11
Answers on the Map
Answers color-coded by a green-red scale on the quiz's map according to % correct below.
 
Answer Stats
# fronteres per distància Països % Correct
3 Argentina | Àustria | Bolívia | Txèquia | Ciutat del Vaticà | Colòmbia | Dinamarca | Eslovènia | Guyana | Líbia | Liechtenstein | Mali | Níger | Països Baixos | Paraguai | Perú | Polònia | San Marino | Senegal | Tunísia | Uruguai | Veneçuela
100%
4 Bènin | Bielorússia | Burkina Faso | Txad | Xile | Costa d’Ivori | Croàcia | Equador | Egipte | Eslovàquia | Gàmbia | Guinea | Guinea-Bissau | Hongria | Lituània | Nigèria | Panamà | Rússia | Sudan | Ucraïna
100%
2 Alemanya | Algèria | Bèlgica | Brasil | Itàlia | Luxemburg | Mauritània | Suïssa | Surinam
100%
1 Andorra | França | Marroc | Portugal
100%
6 Afganistan | Armènia | Bulgària | Bhutan | Corea del Sud | Gabó | Guinea Equatorial | Índia | Iran | Jordània | Kenya | Kirguizistan | Kosovo | Laos | Líban | Macedònia del Nord | Montenegro | Myanmar | Nepal | Nicaragua | Pakistan | República del Congo | República Democràtica del Congo | Síria | Somàlia | Suècia | Tadjikistan | Turquia | Uganda | Uzbekistan | Vietnam | Djibouti
86%
5 Azerbaidjan | Bòsnia i Hercegovina | Camerun | Xina | Corea del Nord | Costa Rica | Eritrea | Estònia | Etiòpia | Finlàndia | Geòrgia | Ghana | Israel | Kazakhstan | Libèria | Lituània | Moldàvia | Mongòlia | Noruega | República Centreafricana | Romania | Sierra Leone | Sèrbia | Togo
86%
7 Albània | Aràbia Saudita | Angola | Bangladesh | Burundi | Cambodja | Grècia | Hondures | Iraq | Ruanda | Tailàndia | Tanzània | Turkmenistan | Zàmbia
71%
9 Belize | Brunei | Eswatini | Indonèsia | Mèxic | Sud-àfrica
71%
8 Botswana | Qatar | Emirats Àrabs Units | El Salvador | Guatemala | Malàisia | Malawi | Moçambic | Namíbia | Oman | Iemen | Zàmbia | Zimbàbue
71%
11 Canadà
57%
10 Estats Units | Lesotho | Papua Nova Guinea | Timor Oriental
57%
No matching quizzes found
Score Distribution
Percent of People with Each Score
Percentile by Number Answered
Your Score History
You have not taken this quiz